000 00719nam a22002417a 4500
003 UA-OsUOA
001 45594
007 ta
008 20111018b un ||||| |||| 00| 0 ukr d
100 _aПанченко О.
090 _a94 (477).09
_bП16
942 _cBK
040 _aUA-OsUOA
_bukr
_cUA-OsUOA
_dUA-OsUOA
245 _aУкраїнська Головна Визвольна Рада
300 _a255 с.
955 _a4
041 _aukr
080 _a94 (477).09
260 _aЛохвиця
_c2000
650 7 _a9 Географія. Біографії. Історія
_2UDC
999 _c425700
_d425700